| 000 | 00625nam a22002053a 4500 | ||
|---|---|---|---|
| 005 | 20240924071216.0 | ||
| 008 | 010531s1997 mx fr 000 0 spa d | ||
| 020 | _a9681654323 | ||
| 035 | _aUPN01000116448 | ||
| 049 | _aI | ||
| 050 | 4 |
_aPZ10.3 _bJ4.38 |
|
| 100 | 1 |
_aJennings, Paul, _d1943- |
|
| 245 | 1 | 3 |
_aLa garra / _cil. de Mauricio Gómez Morín ; tr. de Ernestina Loyo. |
| 260 |
_aMéxico : _bFCE, _c1997 |
||
| 300 |
_a45 p. : _bil. |
||
| 440 | 0 |
_aA la orilla del viento. _pPara los que empiezan a leer ; _v90 |
|
| 650 | 0 |
_aAnimales _vCuentos y leyendas _9234 |
|
| 650 | 4 |
_aLiteratura infantil _94445 |
|
| 905 | _aInfantil | ||
| 999 |
_c89185 _d89185 |
||